Quizzes
Events
Quiz Creation
Community
Videos
Private Events
Remove Ads
Sign In
Join for FREE
Feedback
Dark Mode
Quiz Categories
Sports
Geography
Music
Movies
Television
Just For Fun
Miscellaneous
History
Literature
Language
Science
Gaming
Entertainment
Religion
Holiday
For Kids
Quiz Lab
Recent
Popular Today
Quiz Kudos Today
Editor Picks
Curator Picks
Quizzes by...
Day
Popularity
Type
Ratings
Length
Year
Community
Subscriptions
Recent Discussions
Orange Saloon
Badges
Playlists
Quests
Create
Leaderboards
Showdown
Live 5
Trivia Bingo
Activity
Puzzle Library
Sporcle Events
Private Events
Virtual Trivia
Globe League
Become a Host
Pub Owners
SporcleCon
Opinionation
Our Games
Videos
Blog
Mobile Apps
Partnerships
Remove Ads and Go Orange
Feedback
Just For Fun
Clickable
Get the Picture
Humor
Quick Pick
Word Ladder
Missing Word
Mixed Word
Blitz
Minefield
This or That
Alphabet
Color
Typing
Sporcle
Puzzle
Word Play
Follow That Line
Logic
Just For Fun
Clickable
Get the Picture
Humor
Quick Pick
Word Ladder
Missing Word
Mixed Word
Blitz
Minefield
This or That
Alphabet
Color
Typing
Sporcle
Puzzle
Word Play
Follow That Line
Logic
Random Quiz
Search Sporcle
×
Quiz Lab
Quiz Lab
Just For Fun
Food
Type in answers that appear in a list
Type in answers that appear in a list
Classic
Best Score? Go Orange.
English breakfast ingredients Stats
Can you name the full compliment of potential full English breakfast ingredients?
By
bluebellnutter
5m
32 Questions
308 Plays
308 Plays
308 Plays
Comments
Comments
Give Quiz Kudos
Give Quiz Kudos
-
- Ratings
hide this ad
Replay
Link that replays current quiz
Next Quiz
Link to next quiz in quiz playlist
You Got
0%
They Got
Avg Score
32%
Avg Friend Score
Upgrade to see
Score Distribution
Jump to the score distribution portion of the page
Score
0/32
Timer
05:00
0
Plays Today
Item
% Correct
Egg
94.8%
Bacon
93.2%
Sausage
90.3%
Toast
87.3%
Tomato
81.2%
Mushroom
75.3%
Black Pudding
70.5%
Baked Beans
67.5%
Hash Brown
58.8%
Fried Bread
43.2%
Muffin
28.9%
White Pudding
27.3%
Pancakes
25.6%
Potato Waffles
25.3%
Chips
23.4%
Sauteed Potatoes
21.4%
Item
% Correct
French Toast
16.2%
Bubble and Squeak
14.6%
Kipper
14.6%
Kidney
8.8%
Soda Bread
7.8%
Grits
7.1%
Lorne Sausage
7.1%
Potato Cake
6.5%
Oatcakes
6.2%
Potato Bread
6.2%
Fruit Pudding
5.5%
Hogs Pudding
4.5%
Corned Beef Hash
4.2%
Laverbread
3.9%
Potato Rosti
3.9%
Scrapple
3.6%
Quiz Playlist
Details
Report
Send in Message
Add To Playlist
Classic:
Type in answers that appear in a list
Quiz Source
Last Updated: Feb 16, 2017
Quiz Scoreboard
CHALLENGE
Sign Up to Join the Scoreboard
Show All
Scores
Hide
Comments
May contain spoilers
Recently Published
One Thing in Common: World Cities II
by knightlancer
Geography
7m
Popular People in 1961
by mucciniale
History
6m
1-10 Letter E Words III
by El_Dandy
Language
2m
More to Explore
Quiz From the Vault
Featured Blog Post
Where Did the Easter Bunny Come From?
hide this ad
You Might Also Like...
Tags
Food Quiz
breakfast
England
English
Food and Drink
Today's Top Quizzes in Just For Fun
Browse Just For Fun
hide this ad
Today's Top Quizzes in Food
Browse Food
Top Contributed Quizzes in Just For Fun
1
Harry Potter Logic - 'In Chains' II
2
Survivor Winners Logic Puzzle
3
Crossword Whiteout! 49
4
Letter's Position in the Alphabet Blitz
5
Thermometer Puzzle 25
6
Aquarium Logic Puzzle 17
7
Big Thermometer Puzzle 21
8
Clickable 1 to 100 Minefield
9
K-Pop Idol Olympics Logic Quiz II
10
Tapa Puzzle
Explore More
Trending Topics
Anime
Marvel
Crossword
Harry Potter
Kpop
NBA
Disney
Song
NFL
Puzzle
WWE
Pokémon
Soccer
Country
The Office
hide this ad
More By:
bluebellnutter
Quiz
Plays
Rating
Category
Featured
Created
Top 50 run scorers in test cricket 2014
5,331
4.71
Sports
Jan 2, 2015
Brighton Line stations
431
3.50
Geography
Sep 12, 2011
English cricketer by nickname
308
2.67
Sports
May 31, 2011
English breakfast ingredients
308
3.00
Just For Fun
Aug 1, 2011
Test runs 2015
271
Sports
Dec 31, 2015
Go to Creator's Profile
Score Distribution
Quiz Creator Spotlight
bluebellnutter
Follow
Send a Message
Quizzes Created
-
Created Quiz Play Count
-
More By This Creator
Popular Quizzes Today
1
Find the US States - No Outlines Minefield
2
The Countries of the World
3
Popular People in 1961
4
Find the Countries of Europe - No Outlines Minefield
5
1-10 Letter E Words III
6
Find the US States
7
One Thing in Common: World Cities II
8
US States
More Just For Fun Quizzes
Quick Pick: Mumford and Sons Songs
Published
Trending Quizzes
1-10 Letter F Words
1-10 Letter G Words
Risky Map Clicking: Next State Alphabetically
1-10 Letter F Words II
Risky Map Clicking: States by Unique Starting Letters
Recently Updated
Leaping Animals
pecheneg
Reality TV Shows (A-Z)
bhenderson79
Rickey Henderson's Hall of Fame Teammates
pecheneg
Champions League XIs: Arsenal
pecheneg
Quick Pick: Celebrities in WWE's Hall of Fame
aduchscher
A-Z Keypad Blitz II
pecheneg
Multiple Oscar Actors
pecheneg
Mystery Phrase Blitz: Oscar 'Best Actors'
pecheneg
F. Scott Fitzgerald Novels
LTH
Pick 3 Villains
ddd62291
Trending Topics
Harry Potter
Marvel
Disney
Crossword
NBA
Kpop
Anime
Pokémon
WWE
Country
The Office
Song
Puzzle
NFL
Soccer
Your Account Isn't Verified!
In order to create a playlist on Sporcle, you need to verify the email address you used during registration. Go to your
Sporcle Settings
to finish the process.
Report this User
Report this user for behavior that violates our
Community Guidelines
.
Details:
Send Report
Go to the Sporcle.com Mobile Site →
Comments